R (on the application of Vetterlein) v Hampshire CC and Hampshire Waste Services Ltd (Record no. 70375)

MARC details
000 -LEADER
fixed length control field 01062cam a2200193 4500
001 - CONTROL NUMBER
control field X118182
008 - FIXED-LENGTH DATA ELEMENTS--GENERAL INFORMATION
fixed length control field 020528n2002 000 0 eng u
035 ## - SYSTEM CONTROL NUMBER
System control number (Sirsi) u118182
245 ## - TITLE STATEMENT
Title R (on the application of Vetterlein) v Hampshire CC and Hampshire Waste Services Ltd
260 ## - PUBLICATION, DISTRIBUTION, ETC.
Date of publication, distribution, etc. 2002
490 ## - SERIES STATEMENT
Series statement Journal of Planning and Environment Law
Volume/sequential designation [2002] JPL 289-304(16)
520 ## - SUMMARY, ETC.
Summary, etc. QBD 14 June 2001. Planning permission granted for construction of a waste incinerator. Whether failure to take into account relevant considerations. Whether grant of planning permission resuluted in breaches of the European Comvention on Human Rights Articles 6 and 8.
650 ## - SUBJECT ADDED ENTRY--TOPICAL TERM
Topical term or geographic name entry element R (ON APPLICATION OF VETTERLEIN) V HAMPSHIRE CC AND HAMPSHIRE WASTE SERVICES LTD
650 ## - SUBJECT ADDED ENTRY--TOPICAL TERM
Topical term or geographic name entry element WASTE INCINERATOR
650 ## - SUBJECT ADDED ENTRY--TOPICAL TERM
Topical term or geographic name entry element CONVENTION FOR THE PROTECTION OF HUMAN RIGHTS AND FUNDAMENTAL FREEDOMS ART 6
650 ## - SUBJECT ADDED ENTRY--TOPICAL TERM
Topical term or geographic name entry element CONVENTION FOR THE PROTECTION OF HUMAN RIGHTS AND FUNDAMENTAL FREEDOMS ART 8
690 ## - LOCAL SUBJECT ADDED ENTRY--TOPICAL TERM (OCLC, RLIN)
Topical term or geographic name as entry element ENVIRONMENTAL AND LAND CONSULTANCY-PLANNING AND DEVELOPMENT
942 ## - ADDED ENTRY ELEMENTS (KOHA)
Suppress in OPAC 0
Holdings
Withdrawn status Lost status Source of classification or shelving scheme Damaged status Not for loan Home library Current library Shelving location Date acquired Total Checkouts Full call number Barcode Date last seen Copy number Price effective from Koha item type
    Dewey Decimal Classification     London London Journals 28/05/2002   X118182) 118182-1001 06/08/2019 1 06/08/2019 Law report